Provincies - Hoofdsteden op basis van vlaggen - Statistieken

Algemene statistieken
  • Deze quiz is 11 keer genomen
  • De gemiddelde score is 10 van 12
Antwoordstatistieken
Foto Antwoord % Correct
Maastricht
100%
Assen
83%
Den Haag
83%
Groningen
83%
Haarlem
83%
Leeuwarden
83%
Lelystad
83%
Middelburg
83%
's-Hertogenbosch | Den Bosch
83%
Utrecht
83%
Zwolle
83%
Arnhem
67%
Geen overeenkomende quizzen gevonden
Scoreverdeling
Procent van Mensen met Elke Score
Percentiel versus Aantal Correcte Antwoorden
Uw Scoregeschiedenis
U heeft deze quiz nog niet genomen